|
|
|
|
| LEADER |
00878nab a2200253 i 4500 |
| 001 |
misc61398 |
| 005 |
20240919114156.0 |
| 008 |
230906s1947 hu o 000 hun d |
| 040 |
|
|
|a SZTE Miscellanea Repozitórium
|b hun
|
| 041 |
|
|
|a hun
|
| 041 |
|
|
|a eng
|
| 100 |
1 |
|
|a Vajkai Aurél
|
| 245 |
1 |
3 |
|a Az ördöngős molnárlegény
|h [elektronikus dokumentum] /
|c Vajkai Aurél
|
| 260 |
|
|
|a Néptudományi Intézet
|b Budapest
|c 1947
|
| 300 |
|
|
|a 15 p.
|c 24 cm
|
| 490 |
0 |
|
|a Ethnographia - népélet : a Magyar Néprajzi Társaság közleményei
|
| 561 |
|
|
|a Németh Gyula hagyaték
|
| 591 |
|
|
|a NOV 6284
|
| 650 |
|
4 |
|a Társadalomtudományok
|
| 650 |
|
4 |
|a Szociológia
|
| 650 |
|
4 |
|a Bölcsészettudományok
|
| 650 |
|
4 |
|a Történettudomány és régészet
|
| 695 |
|
|
|a Néprajz - magyar
|
| 856 |
4 |
0 |
|u http://misc.bibl.u-szeged.hu/61398/1/6284_nov.pdf
|z Dokumentum-elérés
|